Loading...
| MB | 1 | 5 | 4 | 1 | 45 | 84 | 102.67 | 2 | 6 | 0.00 | 0.00 |
| AW | 0 | 3 | 0 | 1 | 30 | 92 | 107.67 | 2 | 3 | 0.00 | 0.00 |
| AG | 0 | 3 | 0 | 2 | 30 | 100 | 128.67 | 0 | 3 | 0.00 | 0.00 |
| BB | 1 | 1 | 1 | 0 | 20 | 38 | 88.50 | 1 | 2 | 0.00 | 0.00 |
| AK | 1 | 0 | 0 | 0 | 15 | 68 | 68.00 | 0 | 1 | 0.00 | 0.00 |
| AR | 0 | 1 | 1 | 0 | 5 | 110 | 110.00 | 0 | 1 | 0.00 | 0.00 |
| RR | 0 | 1 | 1 | 0 | 5 | 125 | 125.00 | 0 | 1 | 0.00 | 0.00 |
| AWD | 0 | 0 | 0 | 0 | 0 | 0.00 | 0 | 0 | 0.00 | 0.00 | |
| TR | 0 | 0 | 1 | 0 | -5 | 0.00 | 0 | 0 | 0.00 | 0.00 | |
| RC | 0 | 0 | 3 | 0 | -15 | 0.00 | 0 | 0 | 0.00 | 0.00 |
| RC | Money: A Suicide Note | -5 | 33 |
| BB | planetary migration | 15 | 38 |
| MB | Marcos family | -5 | 61 |
| MB | cats | -5 | 62 |
| AK | Cambodia | 15 | 68 |
| TR | Kindred | -5 | 74 |
| RR | Elinor Ostrom | -5 | 75 |
| MB | Republic of Ghana | 10 | 84 |
| MB | The Lusiads | -5 | 84 |
| MB | Colorado Party | 15 | 88 |